Việt Nam nửa thế kỷ tân nhạc

में बचाया:
ग्रंथसूची विवरण
मुख्य लेखक: Nguyễn Thụy Kha
स्वरूप: पुस्तक
भाषा:Undetermined
प्रकाशित: Đà Nẵng Đà Nẵng 1998
विषय:
टैग : टैग जोड़ें
कोई टैग नहीं, इस रिकॉर्ड को टैग करने वाले पहले व्यक्ति बनें!
Thư viện lưu trữ: Trung tâm Học liệu Trường Đại học Cần Thơ
LEADER 00499nam a2200169Ia 4500
001 CTU_27928
008 210402s9999 xx 000 0 und d
082 |a 780.9597 
082 |b Kh100 
100 |a Nguyễn Thụy Kha 
245 0 |a Việt Nam nửa thế kỷ tân nhạc 
245 0 |c Nguyễn Thụy Kha 
260 |a Đà Nẵng 
260 |b Đà Nẵng 
260 |c 1998 
650 |a music - history and criticism 
980 |a Trung tâm Học liệu Trường Đại học Cần Thơ